Регионална библиотека "Любен Каравелов" - Русе

Някога (Запис номер 133742)

MARC детайли
000 -Лидер
Контролно поле с фиксирана дължина 01650nam a2200337 c 4500
003 - Код на организацията, давaща контролен номер
Контролно поле BLK
005 - Дата и час на последна редакция
Контролно поле 20241114005503.0
008 - Елементи от данни с фиксирана дължина
fixed length control field 180409b bul|||||r ||||||| ||bul||
010 ## - Наследен системен номер
LC control number KNG00139642000
040 ## - Източник на каталожния запис
Идентификатор на билиотеката - собственик на записа BLK
041 ## - Код за език
Код за езика на текст/звукозапис или на отделно заглавие Български
Код за езика КДБФ Български
080 ## - УДК
Текстов определител УДК Българска литература
УДК код - определител по УДК 821.163.2
УДК определител -93-32
УДК - код + определител 821.163.2-93-32
100 ## - Редна дума - Автор
Автор Габе, Дора Петрова
Автор - информация (биография) Поетеса и писателка. Преводачка от полски език.
Дати, свързани с автора 1886-1983
Пълна форма на името Габе, Изидора Петрова
R(LIN) 369524
139 ## - Редно поле
Редна дума Габе, Дора Петрова
Авторски знак Габ - Г 13
245 10 - Сведения за заглавието
Заглавие Някога
Подзаглавни данни Разкази за деца
Редно поле (дума) Дора Габе; худож. Иван Николов Кирков; послесл. от Камен Калчев.
250 ## - Област на изданието
Сведения за изданието 3. изд.
257 ## - Страна на издаване
Страна на създаване/издаване България
260 ## - Област на издателските данни
-- София
Име на издателя, разпространителя и проч. Нар. младеж
Година на издаване 1971
300 ## - Физическа характеристика
Страници 63 с.
Илюстрации и др. с ил.
Размери/Мащаб 25 см
380 ## - Жанр
Жанр Детска худож. лит.
500 ## - Общи забележки
Забележка 1. изд. 1924 на изд. Златорог ; В кн. погрешно означ. 2. изд. - 20 100 тир.
600 #0 - Име на лице, използвано като предмет
За него / За нея Габе, Дора Петрова
Друга информация Поетеса и писателка. Преводачка от полски език.
Свързани дати 1886-1983
Пълна форма на името Габе, Изидора Петрова
9 (RLIN) 369524
700 1# - Други автори (авторска отговорност)
Лично име Кирков, Иван Николов
Автороска отговорност (Описва отношението между автора и произведението) худож.
9 (RLIN) 373845
700 1# - Други автори (авторска отговорност)
Лично име Калчев, Камен
Автороска отговорност (Описва отношението между автора и произведението) послесл. от
Друга информация Калчев, Петър Митев
9 (RLIN) 367490
852 ## - Местоположение
Форматна сигнатура Цб 257817
856 4# - Електронен адрес и достъп
Електронен формат pdf - файл
Път до файла /url/
856 4# - Електронен адрес и достъп
Електронен формат pdf - файл
Път до файла /url/
942 ## - АРТИКУЛИ
Вид на библиотечния материал Книги
Скрит в OPAC Не
Koha issues (borrowed), all copies 1
944 ## - СЪЗДАВАНЕ И РЕДАКЦИЯ на ЗАПИСА
Създаване/Редакция Създаване
Дата на регистрацията/редакция 16.02.2013
Статус, дата на статуса CRON CRON
Служител, извършил регистрацията/редакцията
944 ## - СЪЗДАВАНЕ И РЕДАКЦИЯ на ЗАПИСА
Създаване/Редакция Редакция
Дата на регистрацията/редакция 16.02.2013
Статус, дата на статуса 16.02.2013 - от С1,Р / 16.02.2013
Служител, извършил регистрацията/редакцията
999 ## - СИСТЕМНИ КОНТРОЛНИ НОМЕРА
Koha biblionumber 133742
Koha biblioitemnumber 133742
Наличности
Код за отписване Код за изгубен артикул Източник на класификационната схема Код за повреда Коз за рестрикции Код за отдаване Артикулен № Име на библиотеката - собственик Име на библиотеката, в която се намира в момента Статус (Текущо местоположение) Дата на вписване в системата Местоположение - отдел Цена в лева Инвентарен номер Систематично азбучна сигнатура Баркод Номер на екземпляра Цена в евро Служебна бележка Служебен тип на артикула
  Не е изгубен Universal Decimal Classification Не е повреден без рестрикции ползва се в читалня 218203 Регионална библиотека "Любен Каравелов" Русе Регионална библиотека "Любен Каравелов" Русе Хранилище 1971-01-01 Хранилище 0.56 96550 Цб 257817 120000096550 1 0.29 N: стар фонд Дата: 01.01.1971 Книги
Изтеглен Не е изгубен Universal Decimal Classification Не е повреден без рестрикции заемане за дома 218204 Регионална библиотека "Любен Каравелов" Русе Регионална библиотека "Любен Каравелов" Русе Детски отдел 1971-01-01 Детски отдел 0.56 98265 ДХ 886.7/Г 13 98265 2 0.29 N: стар фонд Дата: 01.01.1971 Дата инв: 04.08.2015 Бележки инв: Д2015 Книги
Изтеглен Не е изгубен Universal Decimal Classification Не е повреден без рестрикции заемане за дома 218205 Регионална библиотека "Любен Каравелов" Русе Регионална библиотека "Любен Каравелов" Русе Детски отдел 1971-01-01 Детски отдел 0.56 98266 ДХ 886.7/Г 13 98266 3 0.29 N: стар фонд Дата: 01.01.1971 Дата инв: 04.08.2015 Бележки инв: Д2015 Книги
Изтеглен Не е изгубен Universal Decimal Classification Не е повреден без рестрикции заемане за дома 218206 Регионална библиотека "Любен Каравелов" Русе Регионална библиотека "Любен Каравелов" Русе Детски отдел 1971-01-01 Детски отдел 0.56 98272 ДХ 886.7/Г 13 98272 4 0.29 N: стар фонд Дата: 01.01.1971 Дата инв: 03.08.2015 Бележки инв: Д2015 Книги
Vip Innovations Ltd, Rousse, Bulgaria 2025